Western USA 25 biggest cities quiz - Statistics

General Stats
  • This quiz has been taken 38 times
    30 since last reset
  • The average score is 19 of 25
Answer Stats
Hint Answer % Correct
~3.9 million Los Angeles
100%
~1.4 million San Diego
100%
~1.6 million Phoenix
96%
~631,000 Portland
96%
~873,000 San Francisco
96%
~780,000 Seattle
96%
~715,000 Denver
93%
~687,000 Las Vegas
93%
~524,000 Sacramento
93%
~1.0 million San Jose
89%
~525,000 Tucson
89%
~560,000 Albuquerque
81%
~525,000 Fresno
74%
~440,000 Oakland
74%
~275,000 Reno
74%
~495,000 Colorado Springs
70%
~500,000 Mesa
70%
~350,000 Anaheim
63%
~460,000 Long Beach
63%
~345,000 Henderson
56%
~390,000 Aurora
48%
~310,000 Santa Ana
48%
~280,000 Chandler
41%
~320,000 Stockton
41%
~270,000 Gilbert
30%
No matching quizzes found
Score Distribution
Percent of People with Each Score
Percentile by Number Answered
Your Score History
You have not taken this quiz since the last reset